In other words: the science and psychology of second-language acquisition.

保存先:
書誌詳細
主要な著者: Bialystok, Ellen, Hakuta, Kenji (著者)
フォーマット: 図書
言語:英語
出版事項: Nueva York BasicBooks 1994
主題:
タグ: タグ追加
タグなし, このレコードへの初めてのタグを付けませんか!

MARC

LEADER 00000nam a2200000 a 4500
001 UCM7945
003 CL-VaPUC
005 20201028165433.0
008 030117e19940000US |||||||||||||||||eng|d
999 |c 302571  |d 302569 
040 |c Pontificia Universidad Católica de Valparaíso 
082 0 4 |a 401.93 BIA 1994  |2 21 
100 0 |a Bialystok, Ellen  |9 473744 
245 1 0 |a In other words: the science and psychology of second-language acquisition. 
260 |a Nueva York  |b BasicBooks  |c 1994 
300 |a 246 páginas 
583 |a last modification  |c 20030117 00:00:00  |k Rodrigo Vera 
650 0 |a Aquisición de segundo lenguaje   |9 464787 
700 |a Hakuta, Kenji  |e author  |9 534440 
942 |c BK  |2 ddc 
945 |d 20030117 00:00:00  |a vberengu 
952 |0 0  |1 0  |2 ddc  |4 0  |6 401_930000000000000_BIA_1994  |7 0  |8 A  |9 363239  |a FDOPOS  |b FDOPOS  |d 2019-11-21  |i 3845044  |o 401.93 BIA 1994  |p 3845044  |r 2025-01-22  |t 1  |w 2019-11-21  |y BK  |k MLA 
952 |0 0  |1 0  |2 ddc  |4 0  |6 401_930000000000000_BIA_1994  |7 0  |8 A  |9 363240  |a FDOPOS  |b FDOPOS  |d 2019-11-21  |i 3845052  |o 401.93 BIA 1994  |p 3845052  |r 2025-01-22  |t 2  |w 2019-11-21  |y BK  |k MLA